[Event "Luxembourg-chT 1213"]
[Site "Luxembourg"]
[Date "2012.11.10"]
[Round "2"]
[White "Batkic, Nejib"]
[Black "Adam, Ken"]
[Result "1/2-1/2"]
[WhiteElo "1721"]
[BlackElo "1941"]
[PlyCount "116"]
[EventDate "2012.10.??"]
[EventType "team-tourn"]
[EventRounds "10"]
[EventCountry "LUX"]
[SourceTitle "EXT 2017"]
[Source "ChessBase"]
[SourceDate "2016.10.25"]
[SourceVersion "1"]
[SourceVersionDate "2016.10.25"]
[SourceQuality "1"]

1. e4 e6 2. Nf3 d5 3. e5 c5 4. d3 Nc6 5. Bf4 Qb6 6. Qc1 Nge7 7. Be2 Bd7 8. 0-0 h6 9. b3 g5 10. Bg3 Bg7 11. c3 Nf5 12. Re1 Nxg3 13. fxg3 Nxe5 14. Nxe5 Bxe5 15. Qd2 Bg7 16. Bf3 0-0 17. Rd1 c4+ 18. d4 cxb3 19. axb3 Qxb3 20. Ra3 Qb6 21. h4 Qd8 22. h5 Bb5 23. Qe3 Qd6 24. g4 Rfc8 25. Be2 Bxe2 26. Qxe2 Rc7 27. Rb3 Rac8 28. Rf1 a6 29. Qf3 Qd7 30. Nd2 e5 31. dxe5 Bxe5 32. Nb1 d4 33. c4 Bf4 34. g3 Be3+ 35. Kg2 b5 36. cxb5 axb5 37. Kh3 Rc1 38. Na3 Rxf1 39. Qxf1 Qd5 40. Rb1 Qa2 41. Qf5 Qe6 42. Qxb5 Qc6 43. Qf5 Qc5 44. Qd7 Ra8 45. Rb7 Rf8 46. Qa4 Qd5 47. Rb1 Ra8 48. Qb3 Qxb3 49. Rxb3 Rc8 50. Kg2 Kg7 51. Kf3 Rd8 52. Nc2 Bg1 53. Rd3 Kf6 54. Kg2 Rc8 55. Nxd4 Bxd4 56. Rxd4 Rc2+ 57. Kf3 Rc3+ 58. Kf2 Rc2+ 1/2-1/2

[Event "Luxembourg-chT 1112"]
[Site "Luxembourg"]
[Date "2012.02.10"]
[Round "5"]
[White "Batkic, Nejib"]
[Black "Buchholtz, Leon"]
[Result "1/2-1/2"]
[WhiteElo "1721"]
[BlackElo "1889"]
[PlyCount "37"]
[EventDate "2011.10.??"]
[EventType "team-tourn"]
[EventRounds "10"]
[EventCountry "LUX"]
[SourceTitle "EXT 2017"]
[Source "ChessBase"]
[SourceDate "2016.10.25"]
[SourceVersion "1"]
[SourceVersionDate "2016.10.25"]
[SourceQuality "1"]

1. e4 c5 2. Nf3 Nc6 3. Bc4 g6 4. c3 Bg7 5. d4 Qb6 6. d5 Na5 7. Nbd2 d6 8. 0-0 Nf6 9. Bd3 0-0 10. Rb1 c4 11. Bc2 Qc7 12. Qe2 b5 13. Re1 Nb7 14. Nd4 Bd7 15. N2f3 Nc5 16. Bf4 e6 17. dxe6 fxe6 18. e5 Nh5 19. Bg5 1/2-1/2

[Event "Luxembourg-chT 9899"]
[Site "Luxembourg"]
[Date "1999.01.24"]
[Round "7"]
[White "Wolff, Serge"]
[Black "Batkic, Nejib"]
[Result "1/2-1/2"]
[WhiteElo "2070"]
[BlackElo "1960"]
[PlyCount "121"]
[EventDate "1998.10.08"]
[EventType "team"]
[EventRounds "10"]
[EventCountry "LUX"]
[SourceTitle "EXT 2005"]
[Source "ChessBase"]
[SourceDate "2004.11.15"]
[SourceVersion "1"]
[SourceVersionDate "2004.11.15"]
[SourceQuality "1"]

1. e4 g6 2. Nc3 Bg7 3. d4 a6 4. f4 d6 5. Nf3 Nc6 6. d5 Bxc3+ 7. bxc3 Nb8 8. Qd4 f6 9. Bd3 c5 10. Qf2 Nh6 11. f5 Nf7 12. fxg6 hxg6 13. e5 dxe5 14. Bxg6 Qxd5 15. 0-0 Be6 16. Be3 Nd7 17. Rad1 Qc6 18. Ng5 Bxa2 19. Qf5 Nf8 20. Bxf7+ Bxf7 21. Nxf7 Kxf7 22. Qxe5 Qe6 23. Qxc5 Rc8 24. Qd4 Ng6 25. Rde1 Rc4 26. Qd2 Qc6 27. Bd4 Rg8 28. g3 Rd8 29. Qh6 Rh8 30. Rxe7+ Kxe7 31. Qg7+ Kd8 32. Qxg6 Rxd4 33. cxd4 Rf8 34. h4 Qe6 35. Qg7 Rf7 36. Qg8+ Ke7 37. h5 Qe3+ 38. Kg2 Qe2+ 39. Rf2 Qxh5 40. g4 Qd5+ 41. Kg3 Qe4 42. c3 Rh7 43. d5 Qe3+ 44. Rf3 Qe5+ 45. Rf4 Qxc3+ 46. Kg2 Qh3+ 47. Kf2 Qh2+ 48. Ke1 Qg3+ 49. Rf2 Rh1+ 50. Ke2 Qe5+ 51. Kf3 Rh3+ 52. Kg2 Rh2+ 53. Kf3 Rh3+ 54. Kg2 Qg3+ 55. Kf1 Rh1+ 56. Ke2 Qe5+ 57. Kf3 Qc3+ 58. Kf4 Qc1+ 59. Kf5 Qb1+ 60. Kf4 Qb4+ 61. Kf5 1/2-1/2

[Event "Luxembourg-chT 9899"]
[Site "Luxembourg"]
[Date "1999.01.10"]
[Round "6"]
[White "Blaeser, Pierre"]
[Black "Batkic, Nejib"]
[Result "1-0"]
[WhiteElo "2235"]
[BlackElo "1960"]
[PlyCount "87"]
[EventDate "1998.10.08"]
[EventType "team"]
[EventRounds "10"]
[EventCountry "LUX"]
[SourceTitle "EXT 2005"]
[Source "ChessBase"]
[SourceDate "2004.11.15"]
[SourceVersion "1"]
[SourceVersionDate "2004.11.15"]
[SourceQuality "1"]

1. d4 d5 2. Nf3 Nc6 3. c4 Bg4 4. Nc3 Bxf3 5. exf3 e6 6. cxd5 exd5 7. Bb5 g6 8. 0-0 a6 9. Re1+ Be7 10. Ba4 Nf6 11. Bh6 Qd6 12. Bg7 0-0-0 13. Bxh8 Rxh8 14. Bxc6 bxc6 15. Qe2 Re8 16. Qxa6+ Kd7 17. Na4 Qb4 18. Rac1 Qb5 19. Qxb5 cxb5 20. Nc5+ Bxc5 21. Rxe8 Nxe8 22. Rxc5 c6 23. Rc3 Nc7 24. g3 Ne6 25. Rd3 Kd6 26. Kf1 h5 27. h4 Ke7 28. Ke1 f5 29. f4 Kd6 30. f3 c5 31. dxc5+ Nxc5 32. Ra3 b4 33. Ra8 Nd3+ 34. Ke2 Nxb2 35. Ra6+ Kc5 36. Rxg6 d4 37. g4 d3+ 38. Kd2 Kd4 39. Rd6+ Kc5 40. Rxd3 Nxd3 41. Kxd3 fxg4 42. fxg4 hxg4 43. h5 g3 44. Ke2 1-0

[Event "Luxembourg-chT 9899"]
[Site "Luxembourg"]
[Date "1998.12.13"]
[Round "5"]
[White "Batkic, Nejib"]
[Black "Paulus, Sammy"]
[Result "1/2-1/2"]
[WhiteElo "1960"]
[BlackElo "1920"]
[PlyCount "146"]
[EventDate "1998.10.08"]
[EventType "team"]
[EventRounds "10"]
[EventCountry "LUX"]
[SourceTitle "EXT 2005"]
[Source "ChessBase"]
[SourceDate "2004.11.15"]
[SourceVersion "1"]
[SourceVersionDate "2004.11.15"]
[SourceQuality "1"]

1. e4 c5 2. Nf3 d6 3. Nc3 Nf6 4. h3 g6 5. b3 Bg7 6. Bb2 Nxe4 7. Qe2 Nxc3 8. dxc3 0-0 9. 0-0-0 Nc6 10. Qe3 Qa5 11. a3 b5 12. c4 Ba6 13. Qe4 Qb6 14. Bxg7 Kxg7 15. Qh4 bxc4 16. Bxc4 Bxc4 17. Qxc4 a5 18. a4 Qb4 19. Qxb4 cxb4 20. Rd5 Rfc8 21. Kb2 Nd8 22. Rhd1 Ne6 23. g3 Ra6 24. Nd2 Rc5 25. Nc4 Rxd5 26. Rxd5 Nc5 27. f3 Nb7 28. Rb5 Ra7 29. Kc1 Kf6 30. Kd2 Ke6 31. f4 Kd7 32. Ke3 Kc6 33. Rb6+ Kc7 34. Rb5 Kc6 35. Rb6+ Kc7 36. Rb5 Ra6 37. Kd4 e6 38. c3 d5 39. Ne5 f6 40. Ng4 bxc3 41. Kxc3 f5 42. Ne5 Rb6 43. Rxb6 Kxb6 44. b4 Nd6 45. bxa5+ Kxa5 46. Kb3 Ne4 47. Nc6+ Ka6 48. Nd4 Nxg3 49. Nxe6 Ka5 50. Nc7 d4 51. Ne6 Ne2 52. h4 d3 53. Kb2 Kb4 54. Nf8 Nxf4 55. Nxh7 Kxa4 56. Kc3 Kb5 57. Ng5 Kc5 58. Kd2 Kc4 59. Nf3 Ng2 60. Ne5+ Kd4 61. Nxg6 Ne3 62. Nf4 Nc4+ 63. Kc1 Ke3 64. Nd5+ Ke4 65. Nc3+ Kd4 66. Nd1 f4 67. h5 Ke5 68. Nf2 d2+ 69. Kc2 Kf5 70. h6 Kg6 71. Kd3 Ne5+ 72. Kxd2 Kxh6 73. Nh3 f3 1/2-1/2

[Event "Luxembourg-chT 9899"]
[Site "Luxembourg"]
[Date "1998.10.18"]
[Round "1"]
[White "Smailovic, Omer"]
[Black "Batkic, Nejib"]
[Result "1-0"]
[WhiteElo "2040"]
[BlackElo "1960"]
[PlyCount "159"]
[EventDate "1998.10.08"]
[EventType "team"]
[EventRounds "10"]
[EventCountry "LUX"]
[SourceTitle "EXT 2005"]
[Source "ChessBase"]
[SourceDate "2004.11.15"]
[SourceVersion "1"]
[SourceVersionDate "2004.11.15"]
[SourceQuality "1"]

1. d4 d5 2. c4 Nf6 3. Nf3 h6 4. e3 Bg4 5. h3 Bf5 6. Nc3 e6 7. Qb3 b6 8. cxd5 Nxd5 9. Ne5 Nxc3 10. bxc3 Be4 11. h4 Bd6 12. Nc4 0-0 13. Nxd6 cxd6 14. f3 Bb7 15. Ba3 Re8 16. Bd3 e5 17. d5 Ba6 18. c4 Qf6 19. Rc1 Nd7 20. Qa4 Bc8 21. Qc6 Rb8 22. Bxd6 Rb7 23. c5 Qd8 24. cxb6 Rxb6 25. Qc7 Qxc7 26. Bxc7 Rb2 27. 0-0 Rxa2 28. Bb5 a6 29. Bc6 Kh7 30. Rb1 Rg8 31. Rfd1 Rc2 32. Rbc1 Re2 33. e4 g5 34. Kf1 Ra2 35. h5 g4 36. f4 Nf6 37. Bxe5 Nxe4 38. d6 Ng3+ 39. Kg1 Ne2+ 40. Kh1 Nxc1 41. d7 Bxd7 42. Bxd7 Rf8 43. Rxc1 Rd2 44. Bf5+ Kg8 45. Rc6 g3 46. Bg4 Rfd8 47. Rc1 f5 48. Bf3 R8d7 49. Bc3 R2d3 50. Be1 Rg7 51. Rc8+ Kh7 52. Bc3 Rxc3 53. Rxc3 Re7 54. Rc1 a5 55. Kg1 a4 56. Kf1 a3 57. Ra1 Re3 58. Bd5 Kg7 59. Rc1 Kf8 60. Rb1 Rd3 61. Bf3 Rd2 62. Ra1 a2 63. Be2 Rb2 64. Bd3 Rf2+ 65. Kg1 Rxf4 66. Rxa2 Kg7 67. Ra1 Kf6 68. Ra6+ Kg5 69. Be2 Rb4 70. Rg6+ Kf4 71. Rxh6 Rb1+ 72. Bf1 Kg5 73. Rg6+ Kxh5 74. Rxg3 Kh4 75. Rg8 f4 76. Kf2 Rb3 77. Be2 Ra3 78. Rg4+ Kh5 79. Rg3+ Kh4 80. Rxa3 1-0